| 000 | 00831nam a2200229Ia 4500 | ||
|---|---|---|---|
| 005 | 20250425160654.0 | ||
| 008 | 250425s9999 xx 000 0 und d | ||
| 020 | _a8477383243 | ||
| 041 | _aspa | ||
| 082 | _a658.15937 | ||
| 100 | _aARCARONS, RAMON | ||
| 245 | 0 | _aADMINISTRACION, GESTION Y COMERCIALIZACION EN LA PEQUEÑA EMPRESA HOSTELERA. | |
| 250 | _a1A ED. | ||
| 260 |
_aEspaña _bSINTESIS _c1995 |
||
| 260 | _aMADRID | ||
| 300 | _a222 | ||
| 520 | _aEXPONE CONCEPTOS BASICOS QUE HA DE TENER EN CUENTA EL FUTURO PROFESIONAL EN CUANTO A : FORMAS JURIDICAS DE LAS EMPRESAS Y CONTRATACION MERCANTIL, FISCALIDAD, RELACIONES LABORALES, GESTION ADMINISTRATIVA Y COMERCIAL, TRAMITES DE CONSTITUCION DE LAS SOCIEDA | ||
| 650 | _aHOTELES-ADMINISTRACION | ||
| 650 | _aPOLITICA EMPRESARIAL | ||
| 942 | _c01 | ||
| 010 | _a1941 | ||
| 999 |
_c193812 _d193812 |
||